ARRUPE JESUIT UNIVERSITY

CORONAVIRUS -STOP THE SPREAD - CLEAN,DISINFECT,COVER

God, Man and Nietzsche (Record no. 124186)

MARC details
000 -LEADER
fixed length control field 00487nam a22001457a 4500
005 - DATE AND TIME OF LATEST TRANSACTION
control field 20160215152705.0
008 - FIXED-LENGTH DATA ELEMENTS--GENERAL INFORMATION
fixed length control field 160215b xxu||||| |||| 00| 0 eng d
050 ## - LIBRARY OF CONGRESS CALL NUMBER
Classification number B3317.G617 2007
100 ## - MAIN ENTRY--PERSONAL NAME
Personal name Golan, Zev
9 (RLIN) 22321
245 ## - TITLE STATEMENT
Title God, Man and Nietzsche
Remainder of title a starling dialogue between Judaism and modern philosophers
Statement of responsibility, etc by Golan, Zev
260 ## - PUBLICATION, DISTRIBUTION, ETC. (IMPRINT)
Place of publication, distribution, etc New York
Name of publisher, distributor, etc iUniverse
Date of publication, distribution, etc 2007
300 ## - PHYSICAL DESCRIPTION
Extent xiv, 197p.;
Dimensions 23cm.
600 ## - SUBJECT ADDED ENTRY--PERSONAL NAME
Personal name Nietzsche, Friedrick Wilhelm
9 (RLIN) 22322
942 ## - ADDED ENTRY ELEMENTS (KOHA)
Source of classification or shelving scheme Library of Congress Classification
Item type Monograph ( Printed materials)
Holdings
Withdrawn status Lost status Source of classification or shelving scheme Damaged status Not for loan Collection code Home library Current library Shelving location Date acquired Total Checkouts Full call number Barcode Date last seen Date last borrowed Price effective from Koha item type
    Library of Congress Classification     Main Collection ARRUPE LIBRARY ARRUPE LIBRARY Main Collection 15/02/2016 11 B3317.G617 2007 46500006703 23/12/2025 05/06/2024 15/02/2016 Monograph ( Printed materials)

 

Arrupe Library. PO Box MP320 Mt Pleasant, Harare, Zimbabwe
263 242 745411|librarian@aju.ac.zw